000
00313nam a2200157Ia 4500
100
_a
Pandey/Hari Mohan
650
_a
C++
942
_c
BK
366
_f
25
245
_a
Trouble free C++
260
_b
Ane Books
_c
2010
082
_a
5.133
_b
PAN
300
_a
929
546
_a
ENGLISH
_c
Computers
999
_c
25522
_d
25522